| 000 | 00374nam a2200145Ia 4500 | ||
|---|---|---|---|
| 008 | 191201s1998 xx 000 0 und d | ||
| 082 |
_a677.02822 _bPAE |
||
| 100 | _aPATTABHIRAM, T K | ||
| 245 | 0 | _aEssential Calculations of Practical Cotton Spinning | |
| 250 | _a3rd | ||
| 260 |
_aN.Delhi _bMahajan Brother _c1998 |
||
| 300 | _a- | ||
| 650 | _aB.Tech(TE) | ||
| 942 |
_2ddc _cBK |
||
| 999 |
_c2231 _d2231 |
||